000 00535nam a22002057a 4500
999 _c5518
_d5518
003 GBCCL
005 20241126110544.0
008 180326b ||||| |||| 00| 0 eng d
020 _a0862011175
040 _cgbc
082 _a220.7
_bBIB
100 _aBrown, Raymond
_99958
245 _aTimothy - James /
_cRaymond Brown
250 _aReprinted
260 _bScripture Union,
_aLondon:
_c1984
300 _a120 p.;
_c21 cm.
440 _aBible Study Commentary
_97334
650 _aBible
_vTimothy
_xJames
_99959
942 _2ddc
_cBK
_01